00458nam a2200145 a 450000100100000000500170001000800410002704000250006808200160009310000190010924500540012824600340018226000760021630000200029200001738520200929165111.0100324s19uu dr 001 0 spa d aDO-SdBNPbspacBNPHU axxxxbR175m1 aRamos, César10a1,000 refranes :bcharla-cuento /cCésar Ramos.13amil refranes :bcharla-cuento aSanto Domingo :bFundación García RavelobAmigo del Hogar,c[199?]. a41 p. ;c24 cm.